000 00842nam a2200253 a 4500
001 BRL_872
005 20190320210931.0
008 211013s1974----cn-a######---#000-0#eng-#
041 _aeng
044 _acn
050 4 _aTT145
_b.P73 1974
245 1 0 _aIn praise of hands
_bcontemporary crafts of the world
_cEssay by Octavio Paz ; Foreword by James S. Plaut ; Preface by Charles F. Lombard
260 _aCanadá
_bMcClelland and Stewart Limited : World Crafts Council
_c1974
300 _a223 p.
_bil. (alguas a color)
_c28 cm.
500 _aAu987
504 _aBibliografía: p. 212-218
650 1 4 _aArtesanías
_vCatálogos
_925198
700 1 _aPaz, Octavio
_d1914-1998
_9563
700 1 _aS. Plaut, James
_925199
700 1 _aLombard, Charles F.
_925200
710 2 _aWorld Crafts Council
_922826
902 _aGRL
942 _2lcc
_cB
999 _c9684
_d9684